| 000 | 01330nam a2200205Ia 4500 | ||
|---|---|---|---|
| 003 | Ost | ||
| 005 | 20260507074948.0 | ||
| 008 | 260507s9999||||xx |||||||||||||| ||und|| | ||
| 040 | _cfsecg | ||
| 041 | _aara | ||
| 082 | _a330 | ||
| 100 |
_aالسيفو، وليد اسماعيل _eمؤلف |
||
| 245 | 0 |
_aأساسيات الاقتصاد القياسي التحليلي : _bنظرية الاقتصاد القياسي والإختبارات القياسية من الدرجة الأولى / _c وليد اسماعيل السيفو |
|
| 260 |
_aعمان: _bالأهلية للنشر والتوزيع, _c2006 |
||
| 300 |
_a406 صفحة؛ _bإيضاحات ؛ _c25 سم |
||
| 520 | _aمفهوم الاقتصاد القياسي وأهدافه،النموذج الاقتصادي القياسي،قوة العلاقة بين المتغيرات وقياسها،نموذج الإنحدار الخطي البسيط،الفروض التصادفية لنموذج الإنحدار الخطي،اختبارات المعنوية الأخرى لمقدرات النموذج القياسي،الإرتباط وقياسه بين المتغيرات النوعية،النماذج المتعددة اللاخطية | ||
| 653 | _aالإقتصاد القياسي | ||
| 700 |
_aمفتاح شلوف، فيصل _eمؤلف ثانوي |
||
| 942 | _cكتاب | ||
| 999 |
_c41977 _d41977 |
||